|
|
|
|
| LEADER |
00000nam0a2200000 4500 |
| 001 |
254790 |
| 005 |
20231101232952.0 |
| 010 |
|
|
|a 5744400761
|
| 020 |
|
|
|a RU
|b 88-73024
|
| 035 |
|
|
|a (RuTPU)RU\TPU\book\277279
|
| 090 |
|
|
|a 254790
|
| 100 |
|
|
|a 20140324d1988 k a0rusy5003 ca
|
| 101 |
0 |
|
|a rus
|
| 102 |
|
|
|a RU
|
| 105 |
|
|
|a y z 001zy
|
| 200 |
1 |
|
|a Противоречивость связи и развития как основы диалектической логики
|f Ю. П. Попов
|
| 210 |
|
|
|a Владивосток
|c Изд-во Дальневосточного ун-та
|d 1988
|
| 215 |
|
|
|a 176 с.
|
| 320 |
|
|
|a Библиогр. в примеч.: с. 165-174.
|
| 606 |
1 |
|
|a Диалектическая логика
|2 stltpush
|3 (RuTPU)RU\TPU\subj\9438
|9 36686
|
| 610 |
1 |
|
|a противоречие
|
| 610 |
1 |
|
|a связь
|
| 610 |
1 |
|
|a развитие
|
| 610 |
1 |
|
|a проблемы
|
| 610 |
1 |
|
|a противоположности
|
| 610 |
1 |
|
|a определенность
|
| 610 |
1 |
|
|a самодвижение
|
| 686 |
|
|
|a Ю223
|2 rubbk
|
| 700 |
|
1 |
|a Попов
|b Ю. П.
|g Юрий Петрович
|4 070
|
| 801 |
|
0 |
|a RU
|b RuMRKP
|c 19950417
|g psbo
|
| 801 |
|
1 |
|a RU
|b 63413507
|c 20140324
|
| 801 |
|
2 |
|a RU
|b 63413507
|c 20181207
|g RCR
|
| 942 |
|
|
|c BK
|